Six Nations Countries - Statistics

General Stats
  • This quiz has been taken 210 times
  • The average score is 6 of 6
Answer Stats
Answer % Correct
France
97%
Ireland
96%
England
93%
Wales
92%
Scotland
91%
Italy
86%
No matching quizzes found
Score Distribution
Percent of People with Each Score
Percentile by Number Answered
Your Score History
You have not taken this quiz